Brawl Stars: Sandy Skins by Picture - Statistics

General Stats
  • This quiz has been taken 22 times
    5 since last reset
  • The average score is 8 of 11
Answer Stats
Picture Answer % Correct
Nightmare Sandy
100%
True Gold Sandy
100%
True Silver Sandy
100%
Hypnos Sandy
80%
Jellyfish Sandy
80%
Lantern Sandy
80%
Sandy Koya
60%
Sleepy Sandy
60%
Sugar Rush Sandy
60%
Glowing Jellyfish Sandy
40%
Neon Jellyfish Sandy
40%
No matching quizzes found
Score Distribution
Percent of People with Each Score
Percentile by Number Answered
Your Score History
You have not taken this quiz since the last reset